000
00166nam a2200085Ia 4500
100
_a
#N/A
942
_c
BK
245
_a
9th Anniversary Package -Playware
260
_b
#N/A
999
_c
18659
_d
18659